[Event "Arad op 7th"]
[Site "Arad"]
[Date "2014.08.05"]
[Round "2"]
[White "Dombi Marias, Rudolf"]
[Black "Mijovic, Stefan"]
[Result "0-1"]
[WhiteElo "2058"]
[BlackElo "2404"]
[PlyCount "76"]
[EventDate "2014.08.04"]
[EventType "swiss"]
[EventRounds "9"]
[EventCountry "ROU"]
[SourceTitle "CBM 161 Extra"]
[Source "ChessBase"]
[SourceDate "2014.08.29"]
[SourceVersion "1"]
[SourceVersionDate "2014.08.29"]
[SourceQuality "1"]

1. e4 c5 2. c3 d5 3. exd5 Qxd5 4. d4 Nf6 5. Nf3 Bg4 6. Be2 e6 7. h3 Bh5 8. 0-0 Nc6 9. Be3 cxd4 10. cxd4 Be7 11. Nc3 Qd6 12. Qb3 0-0 13. Rfd1 Nb4 14. Bg5 Rfd8 15. Rac1 Nbd5 16. g4 Bg6 17. Ne5 Nxc3 18. bxc3 Nd5 19. Bxe7 Qxe7 20. Bf3 Nf4 21. Qxb7 Qh4 22. Rd2 Rab8 23. Nxg6 hxg6 24. Qe4 Nxh3+ 25. Kf1 Ng5 26. Qe3 e5 27. Bg2 exd4 28. Rxd4 Re8 29. Qd2 Ne6 30. Re4 Red8 31. Qe2 Qg5 32. Rd1 Rxd1+ 33. Qxd1 Rb2 34. Re2 Qb5 35. Bc6 Qc4 36. Bd5 Qxe2+ 37. Qxe2 Rxe2 38. Kxe2 Nf4+ 0-1

[Event "Budapest FS07 FM-A"]
[Site "Budapest"]
[Date "2014.07.06"]
[Round "2"]
[White "Dombi Marias, Rudolf"]
[Black "Toth Katona, Tamas"]
[Result "1/2-1/2"]
[WhiteElo "2028"]
[BlackElo "1935"]
[PlyCount "122"]
[EventDate "2014.07.05"]
[EventType "tourn"]
[EventRounds "9"]
[EventCountry "HUN"]
[SourceTitle "CBM 161 Extra"]
[Source "ChessBase"]
[SourceDate "2014.08.29"]
[SourceVersion "1"]
[SourceVersionDate "2014.08.29"]
[SourceQuality "1"]

1. e4 c5 2. c3 Nf6 3. e5 Nd5 4. d4 cxd4 5. Nf3 Nc6 6. cxd4 d6 7. Bc4 Nb6 8. Bb5 d5 9. Nc3 h6 10. 0-0 Bf5 11. a3 e6 12. Bd3 Bg4 13. Be3 f5 14. h3 Bh5 15. Be2 Be7 16. b3 0-0 17. Nh2 Bxe2 18. Nxe2 Qe8 19. f4 a5 20. Rf3 a4 21. b4 Na7 22. Nc3 Nb5 23. Nxb5 Qxb5 24. Qf1 Nc4 25. g4 Qb6 26. Qd3 Rac8 27. Bf2 Qd8 28. Kh1 Bh4 29. Rg1 Bxf2 30. Rxf2 Rc7 31. Rfg2 Kh8 32. g5 Qe8 33. gxh6 gxh6 34. Rg6 Rh7 35. Qg3 Qf7 36. Nf1 b5 37. Qh4 Nxa3 38. Rxh6 Rg8 39. Rxh7+ Qxh7 40. Qf6+ Rg7 41. Rxg7 Qxg7 42. Qxe6 Nc4 43. Qe8+ Qg8 44. Qxb5 Qa8 45. e6 a3 46. e7 Nd6 47. Qd7 Ne8 48. Qd8 Qc6 49. Qa5 Qc3 50. Qa8 Qxh3+ 51. Nh2 Qh5 52. Qxa3 Qd1+ 53. Kg2 Qe2+ 54. Kh3 Qxe7 55. Nf3 Qe4 56. Kg3 Nf6 57. Ng5 Qe1+ 58. Kh3 Qh1+ 59. Kg3 Qg1+ 60. Kf3 Qf1+ 61. Kg3 Qg1+ 1/2-1/2